Presidents of the Philippines - Statistics

General Stats
  • This quiz has been taken 9,093 times
    3,068 since last reset
  • The average score is 13 of 17
Answer Stats
Answer % Correct
Ferdinand Marcos Jr
97%
Ferdinand Marcos
96%
Benigno Aquino
93%
Corazon Aquino
93%
Rodrigo Duterte
93%
Emilio Aguinaldo
91%
Manuel Quezon
85%
Gloria Arroyo
78%
Joseph Estrada
78%
Diosdado Macapagal
76%
Fidel Ramos
70%
Ramon Magsaysay
69%
Manuel Roxas
68%
Jose Laurel
63%
Elpidio Quirino
62%
Sergio Osmeña
57%
Carlos Garcia
48%
No matching quizzes found
Score Distribution
Percent of People with Each Score
Percentile by Number Answered
Your Score History
You have not taken this quiz since the last reset